000 00565nam a2200217 i 4500
001 C2-0111851
003 PPAK
005 20180727103619.0
008 970629s1994 io |||| ||||| | may d
040 _aPPAK
_beng
_cPPAK
_erda
082 0 4 _a297.124
_223
090 0 0 _a297.124
_bHIM
_dG
245 0 0 _aHimpunan hadis Qudsi
264 1 _aSemarang, Indoensia :
_bCV. Asy Syifa ,
_c1994
300 _axxv, 479 pages ;
_c21 cm
336 _2rdacontent
_atext
337 _2rdamedia
_aunmediated
338 _2rdacarrier
_avolume
650 1 0 _aHadith
942 _ddc
_cB
999 _c27979
_d27979